Detalles MARC
| 000 -LEADER |
| fixed length control field |
01902nam a2200397 a 4500 |
| 005 - FECHA ULTIMA MODIFICACION |
| control field |
20240507094050.0 |
| 008 - CAMPO DE CONTROL (LIBRO) |
| fixed length control field |
100811t2003||||fr a f |||| 001 0 spa d |
| 020 ## - INTERNATIONAL STANDARD BOOK NUMBER |
| ISBN |
2914365136 |
| 041 ## - CODIGO DE IDIOMA |
| Código de idioma del texto/pista de sonido o título separado |
spa |
| 092 ## - SIGNATURA TOPOGRAFICA DEWEY LOCAL |
| número de clasificación |
616.9 |
| libristica |
10 |
| sección |
CAM |
| 100 1# - ENTRADA PRINCIPAL--NOMBRE PERSONAL |
| Nombre personal |
Caminero Luna, José A. |
| 9 (RLIN) |
3767 |
| 245 ## - TITULO PROPIAMENTE DICHO |
| Título |
Guía de la tuberculosis para Médicos Especialistas / |
| Mención de responsabilidad y remanente de la transcripción de la portada |
José A. Caminero Luna |
| 250 ## - MENCION DE EDICION |
| Mención de edición |
1a ed. |
| 260 ## - PIE DE IMPRENTA |
| Lugar de publicación, distribución, etc |
Francia: |
| Nombre de la editorial, distribuidor, etc |
UICTER - Unión Internacional Contra la Tuberculosis y Enfermedades Respiratorias; |
| Fecha de publicación |
2003. |
| 300 ## - DESCRIPCION FISICA |
| Extension |
389 p. |
| 500 ## - NOTA GENERAL |
| Nota general |
Caminero Luna, J. A. (2003). Guía de tuberculosis para médicos especialistas. (1a ed.). Francia : UICTER. |
| 653 ## - TÉRMINO INDIZADO - PALABRAS CLAVES |
| Palabra clave |
Justicicación de la guía. La necesidad del trabajo conjutno de los programas de control de la tuberculosis con los médicos especialistas |
| 653 ## - TÉRMINO INDIZADO - PALABRAS CLAVES |
| Palabra clave |
Importancia de las acciones del médico especialista y de su adecuada integracion en las estrategias de un programa de control de la tuberculosis |
| 653 ## - TÉRMINO INDIZADO - PALABRAS CLAVES |
| Palabra clave |
Breves reseñas históricas sobre la tuberculosis |
| 653 ## - TÉRMINO INDIZADO - PALABRAS CLAVES |
| Palabra clave |
Epidemiología de la tuberculosis |
| 653 ## - TÉRMINO INDIZADO - PALABRAS CLAVES |
| Palabra clave |
Patogenia de la tuberculosis. Infección y enfermedad |
| 653 ## - TÉRMINO INDIZADO - PALABRAS CLAVES |
| Palabra clave |
Diagnóstico de la infección tuberculosa. Prueba de la tuberculina |
| 653 ## - TÉRMINO INDIZADO - PALABRAS CLAVES |
| Palabra clave |
Diagnóstico de la tuberculosis |
| 653 ## - TÉRMINO INDIZADO - PALABRAS CLAVES |
| Palabra clave |
Métodos no convencionales y nuevas técnicas en el diagnóstico de la tuberculosis |
| 653 ## - TÉRMINO INDIZADO - PALABRAS CLAVES |
| Palabra clave |
Tratamiento de la tuberculosis |
| 653 ## - TÉRMINO INDIZADO - PALABRAS CLAVES |
| Palabra clave |
Retratamiento de la tuberculosis |
| 653 ## - TÉRMINO INDIZADO - PALABRAS CLAVES |
| Palabra clave |
Resistencia de M. Tuberculosis a fármacos antituberculosos |
| 653 ## - TÉRMINO INDIZADO - PALABRAS CLAVES |
| Palabra clave |
Control de la tuberculosis |
| 653 ## - TÉRMINO INDIZADO - PALABRAS CLAVES |
| Palabra clave |
Prevención de la tuberculosis |
| 653 ## - TÉRMINO INDIZADO - PALABRAS CLAVES |
| Palabra clave |
Tuberculosis infantil |
| 653 ## - TÉRMINO INDIZADO - PALABRAS CLAVES |
| Palabra clave |
Tuberculosis en el paciente anciano |
| 653 ## - TÉRMINO INDIZADO - PALABRAS CLAVES |
| Palabra clave |
Tuberculosis y SIDA |
| 653 ## - TÉRMINO INDIZADO - PALABRAS CLAVES |
| Palabra clave |
Tuberculosis extrapulmonar |
| 653 ## - TÉRMINO INDIZADO - PALABRAS CLAVES |
| Palabra clave |
Enfermedades producidas por micobacterias ambientales |
| 942 ## - ADDED ENTRY ELEMENTS (KOHA) |
| Source of classification or shelving scheme |
Dewey Decimal Classification |
| Item type |
Libros |